| 000 | 00469nmm a22001697a 4500 | ||
|---|---|---|---|
| 005 | 20170210140336.0 | ||
| 008 | 150728b xxu||||| |||| 00| 0 spa d | ||
| 041 | _aEspañol | ||
| 082 | _aMD 179 | ||
| 100 |
_aTorres Alvarado, Yessica Lorena _94636 |
||
| 245 | _aInforme de Práctica Supervisada realizado en Proyecto Mobar | ||
| 260 | _c2014 | ||
| 650 |
_aCOSTA RICA _939619 |
||
| 650 |
_aMECÁNICA DENTAL _939620 |
||
| 650 |
_aPRÓTESIS DENTALES _93821 |
||
| 942 | _cIP | ||
| 999 |
_c6871 _d6871 |
||